| 000 | 00751nam a22001695i 4500 | ||
|---|---|---|---|
| 001 | 164623 | ||
| 003 | ES-MaACL | ||
| 005 | 20230906212955.0 | ||
| 008 | 010129s1888 sp |||| | spa d | ||
| 040 |
_aCCPB | B _bspa _cCCPB | B |
||
| 100 | 1 |
_aSánchez y Rubio, Eduardo. _9133042 |
|
| 245 | 1 | 0 |
_aCartilla vinicola _b: premiada en el Concurso Nacional verificado en virtud de Real Orden de 28 de abril de 1887 / _cpor Eduardo Sanchez Rubio. |
| 260 |
_aMadrid : _b[s.n.], _c1888 ( _fTipolitografía L. Peant é Hijos) |
||
| 300 |
_a168 p. ; _c21 cm. |
||
| 650 | 4 |
_aViticultura. _9136993 |
|
| 852 |
_aES-MaACL _jT-718-F-3 _z-- Enc. hol. conservando la cub. original _z-- Enc. en un vol. facticio _z.- Dedicatoria manuscrita del autor a Manuel Saenz Diez |
||
| 999 |
_c164623 _d164623 |
||